<?xml version="1.0" encoding="UTF-8"?>
<record
    xmlns:xsi="http://www.w3.org/2001/XMLSchema-instance"
    xsi:schemaLocation="http://www.loc.gov/MARC21/slim http://www.loc.gov/standards/marcxml/schema/MARC21slim.xsd"
    xmlns="http://www.loc.gov/MARC21/slim">

  <leader>00953cam a2200241 a 4500</leader>
  <controlfield tag="001">000002338</controlfield>
  <controlfield tag="005">20200929150203.0</controlfield>
  <controlfield tag="008">070716s2006    sp       b    001 0 spa d</controlfield>
  <datafield tag="020" ind1=" " ind2=" ">
    <subfield code="a">8479089040</subfield>
  </datafield>
  <datafield tag="040" ind1=" " ind2=" ">
    <subfield code="a">DO-SdBNP</subfield>
    <subfield code="c">DLC</subfield>
  </datafield>
  <datafield tag="082" ind1=" " ind2=" ">
    <subfield code="a">985</subfield>
    <subfield code="b">L864h</subfield>
  </datafield>
  <datafield tag="100" ind1="1" ind2=" ">
    <subfield code="a">L&#xF3;pez Alfonso, Francisco Jos&#xE9;</subfield>
    <subfield code="9">7435</subfield>
  </datafield>
  <datafield tag="245" ind1="1" ind2="1">
    <subfield code="a">"Hablo, se&#xF1;ores, de la libertad para todos" :</subfield>
    <subfield code="b">L&#xF3;pez Alb&#xFA;jar y el indigenismo en el Per&#xFA; /</subfield>
    <subfield code="c">Francisco Jos&#xE9; L&#xF3;pez Alfonso ; pr&#xF3;logo de Jos&#xE9; Carlos Rovira.</subfield>
  </datafield>
  <datafield tag="260" ind1=" " ind2=" ">
    <subfield code="a">Murcia, Espa&#xF1;a :</subfield>
    <subfield code="b">Universitat d'Alicant,</subfield>
    <subfield code="c">2006.</subfield>
  </datafield>
  <datafield tag="300" ind1=" " ind2=" ">
    <subfield code="a">199 p. ;</subfield>
    <subfield code="c">18 cm.</subfield>
  </datafield>
  <datafield tag="440" ind1=" " ind2="0">
    <subfield code="a">Cuadernos de Am&#xE9;rica sin nombre ;</subfield>
    <subfield code="v">17</subfield>
    <subfield code="9">7436</subfield>
  </datafield>
  <datafield tag="500" ind1=" " ind2=" ">
    <subfield code="a">Incluye referencias bibliogr&#xE1;ficas y notas al pie de las p&#xE1;ginas</subfield>
  </datafield>
  <datafield tag="600" ind1="1" ind2="4">
    <subfield code="a">L&#xD3;PEZ ALB&#xDA;JAR, ENRIQUE,</subfield>
    <subfield code="d">1872-1966</subfield>
    <subfield code="x">HISTORIA Y CR&#xCD;TICA</subfield>
    <subfield code="9">7437</subfield>
  </datafield>
  <datafield tag="650" ind1=" " ind2="4">
    <subfield code="a">Ind&#xED;genas de per&#xFA;</subfield>
    <subfield code="9">7438</subfield>
  </datafield>
  <datafield tag="700" ind1="1" ind2=" ">
    <subfield code="a">Rovira, Jos&#xE9; Carlos,</subfield>
    <subfield code="e">pr&#xF3;l.</subfield>
    <subfield code="9">7439</subfield>
  </datafield>
  <datafield tag="910" ind1=" " ind2=" ">
    <subfield code="a">Catalogaci&#xF3;n por copia / LC</subfield>
  </datafield>
  <datafield tag="910" ind1=" " ind2=" ">
    <subfield code="a">WM</subfield>
  </datafield>
  <datafield tag="952" ind1=" " ind2=" ">
    <subfield code="0">0</subfield>
    <subfield code="1">0</subfield>
    <subfield code="5">2</subfield>
    <subfield code="7">0</subfield>
    <subfield code="8">MO</subfield>
    <subfield code="a">GR</subfield>
    <subfield code="b">GR</subfield>
    <subfield code="c">HD</subfield>
    <subfield code="d">2009-07-10</subfield>
    <subfield code="i">LF1</subfield>
    <subfield code="l">0</subfield>
    <subfield code="o">985 L864h</subfield>
    <subfield code="p">2338-10</subfield>
    <subfield code="r">2020-06-25</subfield>
    <subfield code="w">2020-06-25</subfield>
    <subfield code="y">2</subfield>
    <subfield code="Z">Pr&#xE9;stamo interno</subfield>
  </datafield>
  <datafield tag="999" ind1=" " ind2=" ">
    <subfield code="c">2183</subfield>
    <subfield code="d">2183</subfield>
  </datafield>
</record>
